| 000 | 00636nam a22002297a 4500 | ||
|---|---|---|---|
| 003 | UA-OsUOA | ||
| 001 | 92100 | ||
| 007 | ta | ||
| 008 | 20121210b un ||||| |||| 00| 0 ukr d | ||
| 100 | _aЯчейкін Ю. | ||
| 090 |
_a821.161.2 _bЯ95 |
||
| 942 | _cBK | ||
| 040 |
_aUA-OsUOA _bukr _cUA-OsUOA _dUA-OsUOA |
||
| 245 |
_aЗа образом та подобою _bгумор та сатира |
||
| 300 | _a398 с. | ||
| 955 | _a3 | ||
| 041 | _aukr | ||
| 080 | _a821.161.2 | ||
| 260 |
_aК. _bРад. письменник _c1986 |
||
| 650 | 7 |
_a82 Література. Літературознавство _2UDC |
|
| 999 |
_c378354 _d378354 |
||